Ekonomické, politické a právne otázky medzinárodných vzťahov 2025 zborník z medzinárodnej vedeckej konferencie konanej 29. - 30. mája 2025

Gespeichert in:
Bibliographische Detailangaben
Körperschaften: Ekonomické, politické a právne otázky medzinárodných vzťahov 2025. Medzinárodná vedecká konferencia, Ekonomická univerzita v Bratislave. Fakulta medzinárodných vzťahov
Weitere Verfasser: Brynko, Olha, 1988-, Karakash, Rostyslav, 2000-, Lacušová, Sabina, 1999-, Taliian, Iryna, 2000-, Vlková, Eva, 1953-, Zemanová, Štěpánka, Daubner, Peter
Format: Buch
Sprache:Slowakisch
Englisch
Veröffentlicht: Bratislava Vydavateľstvo EKONÓM 2025
Ausgabe:1. vydanie
Schlagworte:
Tags: Tag hinzufügen
Keine Tags, Fügen Sie das erste Tag hinzu!

MARC

LEADER 00000nlm a2200000 4500
001 0311995
005 20251007091404.2
020 |a 978-80-225-5233-2 
022 |a 2585-9404 
041 0 |a slo 
041 0 |a eng 
044 |a SK 
245 1 0 |a Ekonomické, politické a právne otázky medzinárodných vzťahov 2025  |b zborník z medzinárodnej vedeckej konferencie konanej 29. - 30. mája 2025  |c Editors: Olha Brynko, Rostyslav Karakash, Sabina Lacušová, Iryna Taliian, Eva Vlková ; Reviewers: Štěpánka Zemanová, Peter Daubner 
250 |a 1. vydanie 
264 1 |a Bratislava  |b Vydavateľstvo EKONÓM  |c 2025 
300 |a 268 s. [25,42 AH] 
610 2 0 |a politika medzinárodná 
610 2 0 |a vzťahy medzinárodné 
610 2 0 |a vzťahy právne 
610 2 0 |a regióny 
610 2 0 |a problémy spoločenské 
610 2 0 |a situácia hospodárska 
610 2 0 |a globalizácia 
700 1 |a Brynko, Olha, 1988- 
700 1 |a Karakash, Rostyslav, 2000- 
700 1 |a Lacušová, Sabina, 1999- 
700 1 |a Taliian, Iryna, 2000- 
700 1 |a Vlková, Eva, 1953- 
700 1 |a Zemanová, Štěpánka 
700 1 |a Daubner, Peter 
110 2 |a Ekonomické, politické a právne otázky medzinárodných vzťahov 2025. Medzinárodná vedecká konferencia 
710 2 |a Ekonomická univerzita v Bratislave. Fakulta medzinárodných vzťahov